| 000 | 01132cam a2200313 i 4500 | ||
|---|---|---|---|
| 001 | 4251 | ||
| 003 | FISKH | ||
| 005 | 20240710135652.0 | ||
| 008 | 190720s2018 nyua c 000 1 eng | ||
| 010 | _a 2018297643 | ||
| 020 | _a9780316058438 | ||
| 040 |
_aDLC _cDLC _erda _beng |
||
| 050 | _aPZ7.A892 | ||
| 082 | _a813.52 | ||
| 100 | 1 | _aAtwater, Richard, | |
| 245 | 1 | 0 |
_aMr. Popper's penguins / _cby Richard and Florence Atwater ; illustrated by Robert Lawson |
| 250 | _aFirst Revised paperback Edition: April 2009 | ||
| 260 |
_aNew York : _bLittle Brown and Company, _c1938 |
||
| 300 |
_a139 pages : _billustrations ; _c19 cm |
||
| 500 | _aOriginally published in 1938. | ||
| 520 | _aThe unexpected delivery of a large crate containing an Antarctic penguin changes the life and fortunes of Mr. Popper, a house painter obsessed by dreams of the Polar regions. | ||
| 650 | 1 |
_aPenguins _vFiction. |
|
| 650 | 1 | _aHumorous stories. | |
| 700 | 1 |
_aAtwater, Florence, _eauthor. |
|
| 700 | 1 |
_aMadsen, Jim, _d1964- _eillustrator. |
|
| 906 |
_a7 _bcbc _corignew _d2 _encip _f20 _gy-gencatlg |
||
| 942 |
_2ddc _cBK _n0 |
||
| 999 |
_c4251 _d4251 |
||